Estudio de las formas de tratamiento y de la cortesía en la novela Gone with the Wind, de Margaret Mitchell (Registro nro. 93453)

Detalles MARC
000 -LEADER
campo de control de longitud fija 01750nam a2200433 a 4500
001 - NÚMERO DE CONTROL
campo de control 93453
003 - IDENTIFICADOR DE NÚMERO DE CONTROL
campo de control FlNmELB
005 - FECHA Y HORA DE LA ÚLTIMA TRANSACCIÓN
campo de control 20241217172212.0
006 - CÓDIGOS DE INFORMACIÓN DE LONGITUD FIJA--CARACTERÍSTICAS DEL MATERIAL ADICIONAL
campo de control de longitud fija m o d |
007 - CAMPO FIJO DE DESCRIPCIÓN FÍSICA--INFORMACIÓN GENERAL
campo de control de longitud fija cr cn|||||||||
008 - DATOS DE LONGITUD FIJA--INFORMACIÓN GENERAL
campo de control de longitud fija 130621s2005 sp s 000 0 spa d
020 ## - NÚMERO INTERNACIONAL ESTÁNDAR DEL LIBRO
ISBN cancelado o inválido 9788481386400
035 ## - NÚMERO DE CONTROL DEL SISTEMA
Número de control de sistema (MiAaPQ)EBC3176514
035 ## - NÚMERO DE CONTROL DEL SISTEMA
Número de control de sistema (Au-PeEL)EBL3176514
035 ## - NÚMERO DE CONTROL DEL SISTEMA
Número de control de sistema (CaPaEBR)ebr10268678
035 ## - NÚMERO DE CONTROL DEL SISTEMA
Número de control de sistema (OCoLC)928812779
040 ## - FUENTE DE CATALOGACIÓN
Centro catalogador/agencia de origen FlNmELB
Lengua de catalogación spa
Centro/agencia transcriptor FlNmELB
050 #4 - SIGNATURA TOPOGRÁFICA DE LA BIBLIOTECA DEL CONGRESO
Número de clasificación PS3525.I972
Número de ítem C114 2005eb
080 ## - NÚMERO DE LA CLASIFICACIÓN DECIMAL UNIVERSAL
Número de la Clasificación Decimal Universal 821.111(73)
100 1# - ENTRADA PRINCIPAL--NOMBRE DE PERSONA
Nombre de persona Cabellos Castilla, María Rosa.
245 10 - MENCIÓN DEL TÍTULO
Título Estudio de las formas de tratamiento y de la cortesía en la novela Gone with the Wind, de Margaret Mitchell
Medio [recurso electronico]
Mención de responsabilidad, etc. María Rosa Cabellos Castilla.
260 ## - PUBLICACIÓN, DISTRIBUCIÓN, ETC.
Lugar de publicación, distribución, etc. Alcalá de Henares :
Nombre del editor, distribuidor, etc. Servicio de Publicaciones. Universidad de Alcalá,
Fecha de publicación, distribución, etc. 2005.
300 ## - DESCRIPCIÓN FÍSICA
Extensión 208 p.
490 0# - MENCIÓN DE SERIE
Mención de serie Monografías / Universidad de Alcalá de Henares ;
Designación de volumen o secuencia 03
533 ## - NOTA DE REPRODUCCIÓN
Tipo de reproducción Recurso electrónico. Santa Fe, Arg.: e-libro, 2015. Disponible vía World Wide Web. El acceso puede estar limitado para las bibliotecas afiliadas a e-libro.
600 10 - PUNTO DE ACCESO ADICIONAL DE MATERIA--NOMBRE DE PERSONA
Nombre de persona Mitchell, Margaret,
Fechas asociadas al nombre 1900-1949.
Título de la obra Gone with the wind.
650 #4 - PUNTO DE ACCESO ADICIONAL DE MATERIA--TÉRMINO DE MATERIA
Término de materia o nombre geográfico como elemento de entrada Literatura.
650 #4 - PUNTO DE ACCESO ADICIONAL DE MATERIA--TÉRMINO DE MATERIA
Término de materia o nombre geográfico como elemento de entrada Crítica literaria.
650 #0 - PUNTO DE ACCESO ADICIONAL DE MATERIA--TÉRMINO DE MATERIA
Término de materia o nombre geográfico como elemento de entrada Forms of address in literature.
650 #0 - PUNTO DE ACCESO ADICIONAL DE MATERIA--TÉRMINO DE MATERIA
Término de materia o nombre geográfico como elemento de entrada Courtesy in literature.
650 #0 - PUNTO DE ACCESO ADICIONAL DE MATERIA--TÉRMINO DE MATERIA
Término de materia o nombre geográfico como elemento de entrada Historical fiction, American
Subdivisión general History and criticism.
650 #0 - PUNTO DE ACCESO ADICIONAL DE MATERIA--TÉRMINO DE MATERIA
Término de materia o nombre geográfico como elemento de entrada War stories, American
Subdivisión general History and criticism.
651 #0 - PUNTO DE ACCESO ADICIONAL DE MATERIA--NOMBRE GEOGRÁFICO
Nombre geográfico Georgia
Subdivisión general History
-- Literature and the war
Subdivisión cronológica Civil War, 1861-1865.
653 ## - TÉRMINO DE INDIZACIÓN--NO CONTROLADO
Término no controlado Lengua inglesa
653 ## - TÉRMINO DE INDIZACIÓN--NO CONTROLADO
Término no controlado Fórmulas de tratamiento
655 #4 - TERMINO DE INDIZACIÓN--GENERO/FORMA
Datos o término principal de género/forma Libros electrónicos.
710 2# - ENTRADA AGREGADA--NOMBRE DE ENTIDAD CORPORATIVA
Nombre de entidad corporativa o nombre de jurisdicción como elemento de entrada e-libro, Corp.
856 40 - LOCALIZACIÓN Y ACCESO ELECTRÓNICOS
Identificador Uniforme de Recurso <a href="https://elibro.net/ereader/politecnicointernacional/53437">https://elibro.net/ereader/politecnicointernacional/53437</a>

No hay ítems disponibles.


Politécnico Internacional

Institución de Educación Superior
Vigilado Mineducación.
SNES 4727 +4135 DEL 11 de nov. de 2004

Sedes

Sede Norte - Av. Boyacá 138 - 70

Sede Sur - Autopista Sur No 67 - 71

Sede Av Chile - Calle 73 Nº 10-45

Información Legal

Derechos Pecuniarios | Habeas Data | Reglamento Biblioteca


Compartir

YouTube | Twitter | Facebook | LinkedIn


Comunícate con nosotros:

Admisiones: 60-1-7950000
Atención al cliente: 60-1-4005700